00415nam a2200145 a 450000500170000000800410001705000180005824500340007626000420011050000200015265000220017265000240019470000260021870000250024420141022142007.0110202s19uu xx 00 eng d aVCDbG98 1997 aModern Heroes, Modern Slaves. aQuezon City :bIbon Foundatin,c1997. aEnglish.45 min. aOFW- Philippines. aLabor-Malpractices. aproducer: Malcolm Guy adirector: Marie Boti